Prehľad základnej literatúry v Slovenskej pedagogickej knižnici v slovenskej a českej reči dodatok 2

Bibliographic Details
Format: Book
Language:Slovak
PhysicalDescription:187, [1] s. 8°
Published: Martin Matica slovenská 1964
Subjects:

MARC

LEADER 00000cam a2200000 a 4500
001 vtls008317959
003 SK-MaSNL
005 20260301092526.0
008 181128s1964 xo bc 001 0 slo
015 |a SNBA1965/03-00871 
035 |a SK01SNK19650010176 
035 |a SKM000012639 
040 |a SNK  |b slo  |c SNK  |e AACR2 
041 1 |a slo 
044 |a xo  |c SK 
072 7 |a 026/027  |x Knižnice  |2 konspekt 
072 7 |a 01  |x Bibliografia. Katalógy  |2 konspekt 
080 |a 026/027  |2 2011 
080 |a (083.82)  |2 2011 
245 0 0 |a Prehľad základnej literatúry v Slovenskej pedagogickej knižnici v slovenskej a českej reči  |n dodatok 2  |c zostavil a spracoval kolektív pracovníkov SPK v Bratislave 
260 |a Martin  |b Matica slovenská  |c 1964  |e Martin  |f Tlačiarne SNP 
300 |a 187, [1] s.  |c 8° 
366 |e 6000 výtl. 
500 |a Vydala Matica slovenská pre SPK Bratislava 
500 |a Účelová publikácia 
504 |a Obsahuje menný register 
610 0 7 |a Slovenská pedagogická knižnica  |2 SNKKA  |9 33818 
650 0 7 |a pedagogické knižnice  |2 SNKPH  |9 89682 
650 0 7 |a knižničné fondy  |2 SNKPH  |9 1300 
650 0 7 |a Education libraries  |2 SNKPHeng  |9 423498 
650 0 7 |a Library collections  |2 SNKPHeng  |9 302779 
655 7 |a katalógy  |2 SNKPH  |9 60821 
655 7 |a Catalogs  |2 SNKPHeng  |9 266059 
655 7 |a bibliografie  |2 SNKPH  |9 28668 
655 7 |a Bibliographies  |2 SNKPHeng  |9 266698 
710 2 |a Slovenská pedagogická knižnica  |4 pbl  |9 33818 
852 |a Slovenská národná knižnica 
954 |a odborná, vedecká literatúra pôvodná (slovenská)  |2 lita 
958 |a RK 
958 |a TL 
958 |a SF 
958 |a KL 
999 |c 674227  |d 676157 
952 |a SNK  |b SNK  |y PREZ  |7 0  |p 17A0737105  |o snkSD 21139/2  |0 0  |1 0  |4 0  |d 2011-11-14  |l 0  |r 2025-12-04 00:00:00  |w 2026-02-23 
952 |t P60, <04>, [BOOK], {604}  |a SNK  |b SNK  |y VYP  |7 0  |p 17A0323170  |o snkSD 21139/2 D1  |i snkKSP 1234/65  |0 0  |1 0  |4 0  |d 2001-11-26  |l 0  |r 2005-01-02 00:00:00  |w 2026-02-23